| 000 | 00385nam a22001577a 4500 | ||
|---|---|---|---|
| 005 | 20160426142919.0 | ||
| 008 | 160426b xxu||||| |||| 00| 0 eng d | ||
| 020 | _a0333-93920-4 | ||
| 041 | _aeng | ||
| 082 | _b00116 | ||
| 100 |
_aSharma, JK _961 |
||
| 245 | _aOperations Research: Theory and Applications | ||
| 260 |
_aDelhi _bMacmillan India Ltd, _c2004 |
||
| 300 | _a1106 | ||
| 942 | _cBK | ||
| 999 |
_c25 _d25 |
||